000 00718cab a2200217 4500
001 ABS46638
008 090401t1992 xxu||||| |||| 00| 0 eng d
035 _a(Sirsi) u58957
041 _aeng
100 _aHealey, P.
245 _aReorganisation of state and market in planning
260 _c1992
350 _a0
490 _aUrban Studies
_v29(3/4) 1992, 411-434(13)
520 _aOverview of changes to the planning system in the 1980s looking at development plans, housing land, property development and environmental considerations. Detailed bibliography.
650 _aDEVELOPMENT PLANS
650 _aPROPERTY DEVELOPMENT
690 _aPLANNING LAW AND PRACTICE
942 _n0
948 _c04/03/1997
999 _c36082
_d36082